A training curriculum on training of trainers (TOT) : suitable or [i.e. for] professional trainers /

Chi tiết về thư mục
Tác giả chính: Amin,Md Ruhul
Định dạng: Sách
Được phát hành: Dhaka : Kolkata, India : A H Development Pub. House ; Paragon Enterprise, 2007.
Những chủ đề:
Classic Catalogue: View this record in Classic Catalogue
LEADER 01410nam a2200241 a 4500
001 0017142
003 BD-DhAAL
008 090616s2007 bg b 001 eng d
020 |a 9847001900141 
040 |a BD-DhAAL  |c BD-DhAAL 
082 0 0 |a 658.312404  |2 22 
100 1 |a Amin,Md Ruhul.   |9 58760 
245 1 0 |a A training curriculum on training of trainers (TOT) : suitable or [i.e. for] professional trainers /  |c Md Ruhul Amin. 
260 |a Dhaka :  |b A H Development Pub. House ;  |a Kolkata, India :  |b Paragon Enterprise,  |c 2007. 
300 |a unnumbered pages 
526 |a AAL  |x Dr. Salehuddin Ahmed Former Pro-Vice Chancellor, BRAC University 
541 1 |e 0017142, 0017143  |a A H Development Publishing House 
650 0 |a Employee training personnel. 
852 4 |a Ayesha Abed Library  |c General Stacks 
942 |2 ddc  |c BK 
999 |c 1693  |d 1693 
952 |0 0  |1 0  |2 ddc  |4 0  |6 658_312404000000000_AMI  |7 0  |9 1552  |a BRACUL  |b BRACUL  |c GEN  |d 2009-06-28  |e A H Development Publishing House  |g 450.00  |l 4  |m 1  |o 658.312404 AMI  |p 3010017142  |r 2017-01-19  |s 2016-02-07  |t 1  |v 900.00  |w 2009-06-28  |y BK  |x Requisitioned by Dr. Salehuddin Ahmed, Former Pro-Vice Chancellor, BRAC University 
952 |0 0  |1 0  |2 ddc  |4 0  |6 658_312404000000000_AMI  |7 0  |9 17968  |a BRACUL  |b BRACUL  |c GEN  |d 2011-09-07  |e A H Development Publishing House  |g 450.00  |l 0  |o 658.312404 AMI  |p 3010017143  |r 2011-09-07  |t 2   |w 2011-09-07  |y BK  |x Requisitioned by Dr. Salehuddin Ahmed, Former Pro-Vice Chancellor, BRAC University